Landlocked Country Search Quiz Stats

 Plays Quiz Updated Feb 13, 2019

Support Sporcle.
Go Orange.
Score 0/45 Timer 05:00
0 Plays Today
% Correct
Liechtenstein
88.4%
Vatican City
88.2%
Luxembourg
87.9%
Switzerland
87.3%
Central African Republic
86.6%
Czechia
85.9%
Austria
85.7%
Nepal
85.2%
Kyrgyzstan
85%
Lesotho
84.5%
Chad
84.4%
Kazakhstan
84.4%
Rwanda
84.3%
Andorra
84.1%
Uzbekistan
83.7%
Mongolia
83.6%
Tajikistan
83.5%
South Sudan
83.4%
Hungary
83.1%
Turkmenistan
82.7%
Slovakia
82.6%
Eswatini
81.2%
Niger
80.2%
% Correct
Kosovo
79.8%
Uganda
79.3%
Bhutan
78.6%
Belarus
78.6%
Afghanistan
78.3%
Moldova
78%
Botswana
77.2%
Burundi
76.9%
Paraguay
76.8%
San Marino
76%
Malawi
75.2%
Bolivia
74.5%
Azerbaijan
73.8%
Burkina Faso
73.7%
Zambia
73.6%
Zimbabwe
73.5%
Serbia
73.3%
Mali
72.8%
Armenia
72.1%
North Macedonia
71.9%
Ethiopia
60.3%
Laos
59.7%

You're not logged in!

Compare scores with friends on all Sporcle quizzes.
OR
Log In

From the Vault

Element Pair by Beginning Pair

by leppyfresh

We always thought these elements would make a pretty nice pair.
Remove Ads.
Support Sporcle.
Get the best of Sporcle when you Go Orange. This ad-free experience offers more features, more stats, and more fun while also helping to support Sporcle. Thank you for becoming a member.

Show Comments

Extras

Top Quizzes Today


Score Distribution

Your Account Isn't Verified!

In order to create a playlist on Sporcle, you need to verify the email address you used during registration. Go to your Sporcle Settings to finish the process.

Report this User

Report this user for behavior that violates our Community Guidelines.

Details: